Informe /

Guardado en:
Bibliografiske detaljer
Autores Corporativos: Instituto Latinoamericano de las Naciones Unidas para la Prevención del Delito y el Tratamiento del Delincuente, ILANUD
Format: Texto
Udgivet: San José: Instituto Latinoamericano de las Naciones Unidas para la Prevención del Delito y el Tratamiento del Delincuente
Tags: Tilføj Tag
Ingen Tags, Vær først til at tagge denne postø!

MARC

LEADER 00000 a a2200000 04500
001 20989
003
040
090 |a 090300  
110 |a Instituto Latinoamericano de las Naciones Unidas para la Prevención del Delito y el Tratamiento del Delincuente  
245 |a Informe /  |c Instituto Latinoamericano de las Naciones Unidas para la Prevención del Delito y el Tratamiento del Delincuente  
260 |a San José:   |b Instituto Latinoamericano de las Naciones Unidas para la Prevención del Delito y el Tratamiento del Delincuente  
300 |a 29 p.  
710 |a ILANUD  
999 |c 15153  |d 15153